Регионална библиотека "Любен Каравелов" - Русе

Руски език [CD аудио] (Запис номер 219452)

MARC детайли
000 -Лидер
Контролно поле с фиксирана дължина 01060njm a2200313 c 4500
003 - Код на организацията, давaща контролен номер
Контролно поле BLK
005 - Дата и час на последна редакция
Контролно поле 20180421002410.0
008 - Елементи от данни с фиксирана дължина
fixed length control field 180410b bul||n||s|||||||| n|bulo|
010 ## - Наследен системен номер
LC control number CDD00001818000
040 ## - Източник на каталожния запис
Идентификатор на билиотеката - собственик на записа BLK
041 ## - Код за език
Код за езика на текст/звукозапис или на отделно заглавие Руски
Код за езика КДБФ Руски
080 ## - УДК
Текстов определител УДК Руски език
УДК код - определител по УДК 811.161.1
УДК определител -1(02.034)
УДК - код + определител 811.161.1-1(02.034)
139 ## - Редно поле
Редна дума Руски език
Авторски знак Русен - Р 95
245 10 - Сведения за заглавието
Заглавие Руски език [CD аудио]
Подзаглавни данни Самоучител в диалози : CD 1 - 2
Том CD 2
Заглавие на том Азбука, произношение от VІІ до ХVІІ урок
257 ## - Страна на издаване
Страна на създаване/издаване България
260 ## - Област на издателските данни
-- Плевен
Име на издателя, разпространителя и проч. Грамма
Година на издаване 2006
300 ## - Физическа характеристика
Размери/Мащаб 12 см
380 ## - Жанр
Жанр Езикознание. Филология
590 ## - Забележки на библиотеката, притежаваща документа (RLIN)
Служебно S.N: 59550 от КНИГИ
650 #4 - Допълнително описание по предмет – тема
Основно описание – тема или топоним Руски език
9 (RLIN) 262992
653 ## - Ключова дума – ненормативна
Ключова дума руски език
653 ## - Ключова дума – ненормативна
Ключова дума CD-ROM
760 1# - Описание на основната серия
Място на издаване, издател и година 2006
Заглавие CD 2 Азбука, произношение от VІІ до ХVІІ урок
852 ## - Местоположение
Форматна сигнатура Цб CD 1020
Част 0
856 4# - Електронен адрес и достъп
Електронен формат pdf - файл
Път до файла /url/
856 4# - Електронен адрес и достъп
Електронен формат pdf - файл
Път до файла /url/
942 ## - АРТИКУЛИ
Вид на библиотечния материал Компактдискове
Скрит в OPAC Не
944 ## - СЪЗДАВАНЕ И РЕДАКЦИЯ на ЗАПИСА
Създаване/Редакция Създаване
Дата на регистрацията/редакция 25.05.2006
Служител, извършил регистрацията/редакцията Теодора_Стоянова
944 ## - СЪЗДАВАНЕ И РЕДАКЦИЯ на ЗАПИСА
Създаване/Редакция Редакция
Дата на регистрацията/редакция 03.11.2010
Служител, извършил регистрацията/редакцията
999 ## - СИСТЕМНИ КОНТРОЛНИ НОМЕРА
Koha biblionumber 219452
Koha biblioitemnumber 219452
Наличности
Код за отписване Код за изгубен артикул Код за повреда Коз за рестрикции Код за отдаване Артикулен № Име на библиотеката - собственик Име на библиотеката, в която се намира в момента Статус (Текущо местоположение) Дата на вписване в системата Местоположение - отдел Цена в лева Инвентарен номер Систематично азбучна сигнатура Баркод Номер на екземпляра Цена в евро Служебна бележка Служебен тип на артикула
  Не е изгубен Не е повреден без рестрикции заемане за дома 390958 Регионална библиотека "Любен Каравелов" Русе Регионална библиотека "Любен Каравелов" Русе ЧЧЗО - англ. ез. - Британски съвет 2006-05-25 ЧЧЗО - англ. ез. - Британски съвет 5.00 250000001408 Ч3 808.2/Р 95 250000001408 1 2.56 Дост: Pk Вид: Ф N: 40913 Дата: 22.05.2006 Компактдискове
Vip Innovations Ltd, Rousse, Bulgaria 2025